[Event "Mar del Plata op"]
[Site "Mar del Plata"]
[Date "1998.04.09"]
[Round "6"]
[White "Kanefsck, Gustavo"]
[Black "Dorin, Mauricio"]
[Result "1/2-1/2"]
[WhiteElo "2400"]
[BlackElo "2355"]
[PlyCount "75"]
[EventDate "1998.04.04"]
[EventType "swiss"]
[EventRounds "9"]
[EventCountry "ARG"]
[SourceTitle "CBM 063 Extra"]
[Source "ChessBase"]
[SourceDate "1998.04.29"]
[SourceVersion "1"]
[SourceVersionDate "1998.04.29"]
[SourceQuality "1"]

1. e4 e6 2. d4 d5 3. Nc3 Bb4 4. e5 b6 5. Qg4 Bf8 6. Nh3 Ne7 7. Nf4 Nf5 8. Bd3 g6 9. Bxf5 gxf5 10. Qg3 h6 11. Nh5 Kd7 12. 0-0 Kc6 13. Nf4 Ba6 14. Re1 Kb7 15. Qf3 c6 16. b3 h5 17. Nd1 h4 18. Ne3 Bh6 19. Bb2 Qg5 20. Nh3 Qg6 21. Rac1 Rg8 22. c4 Bxe3 23. Rxe3 dxc4 24. Nf4 Qg4 25. bxc4 Nd7 26. d5 Nc5 27. Bd4 Ne4 28. dxe6 fxe6 29. Nxe6 Qxf3 30. Rxf3 Rae8 31. Nf4 c5 32. Ba1 Rd8 33. Nd5 Bxc4 34. Ne7 Ng5 35. Rfc3 Bxa2 36. Nxg8 Bxg8 37. e6 Nxe6 38. Re3 1/2-1/2

[Event "Andorra op 16th"]
[Site "Andorra"]
[Date "1998.??.??"]
[Round "5"]
[White "Conquest, Stuart"]
[Black "Dorin, Mauricio"]
[Result "0-1"]
[WhiteElo "2480"]
[BlackElo "2355"]
[PlyCount "96"]
[EventDate "1998.06.??"]
[EventType "swiss"]
[EventRounds "9"]
[EventCountry "AND"]
[SourceTitle "EXT 2003"]
[Source "ChessBase"]
[SourceDate "2002.11.25"]
[SourceVersion "1"]
[SourceVersionDate "2002.11.25"]
[SourceQuality "1"]

1. e4 e6 2. d4 d5 3. Nd2 c5 4. Ngf3 cxd4 5. exd5 exd5 6. Nxd4 Nc6 7. N2b3 Bd6 8. Bb5 Bd7 9. 0-0 Nge7 10. Bg5 0-0 11. Re1 Re8 12. Qh5 Nxd4 13. Nxd4 Bxb5 14. Nxb5 Bc5 15. Nc3 f6 16. Bh4 Qd7 17. Red1 Rad8 18. Ne4 Qc6 19. Nxc5 Qxc5 20. Rd2 Qb6 21. b3 Qe6 22. Bg3 Nf5 23. Rf1 Qe4 24. Qd1 d4 25. h3 Rc8 26. Bh2 Rc3 27. Qg4 Qe6 28. Kh1 g6 29. Rfd1 Qc6 30. Rd3 Rxc2 31. Rf3 Qe6 32. Bf4 Qe2 33. Rg1 Rxa2 34. h4 Qe6 35. h5 Ng7 36. Qxe6+ Nxe6 37. Bd6 Ra6 38. Bb4 Kf7 39. Bd2 Ra2 40. Rd1 Rc8 41. hxg6+ hxg6 42. Rh3 Kg8 43. Rf3 Kg7 44. Bb4 Kf7 45. Kh2 Re2 46. Ra1 a6 47. Ra5 Rd8 48. g4 Rc2 0-1